[Event "Hessen-chA"]
[Site "Frankfurt"]
[Date "2019.06.01"]
[Round "6"]
[White "Voellinger, Florian"]
[Black "Bluebaum, Johanna"]
[Result "0-1"]
[WhiteElo "1871"]
[BlackElo "2003"]
[PlyCount "52"]
[EventDate "2019.05.30"]
[EventType "swiss"]
[EventRounds "7"]
[EventCountry "GER"]
[SourceTitle "EXT 2020"]
[Source "ChessBase"]
[SourceDate "2019.10.17"]
[SourceVersion "1"]
[SourceVersionDate "2019.10.17"]
[SourceQuality "1"]

1. d4 d5 2. c4 e6 3. Nc3 Bb4 4. Qb3 c5 5. dxc5 Nc6 6. Bd2 Nf6 7. Nf3 Bxc5 8. Qb5 Be7 9. e3 0-0 10. Qb3 Na5 11. Qc2 dxc4 12. Be2 Bd7 13. 0-0 Qc7 14. Nd4 a6 15. e4 b5 16. g4 Bc5 17. Be3 Qa7 18. g5 Bxd4 19. gxf6 Bxe3 20. fxg7 Kxg7 21. fxe3 Qxe3+ 22. Kh1 Bc6 23. Rf3 Qd4 24. Rg1+ Kh8 25. Nd5 exd5 26. e5 Qe4 0-1

[Event "Hessenliga 1516"]
[Site "Germany"]
[Date "2015.11.22"]
[Round "3.8"]
[White "Wenner, Frank"]
[Black "Voellinger, Florian"]
[Result "1-0"]
[WhiteElo "2095"]
[BlackElo "1803"]
[PlyCount "57"]
[EventDate "2015.09.27"]
[EventType "team-tourn"]
[EventRounds "9"]
[EventCountry "GER"]
[SourceTitle "EXT 2018"]
[Source "ChessBase"]
[SourceDate "2017.10.13"]
[SourceVersion "1"]
[SourceVersionDate "2017.10.13"]
[SourceQuality "1"]
[WhiteTeam "Gernsheim"]
[BlackTeam "Dettingen"]
[WhiteTeamCountry "GER"]
[BlackTeamCountry "GER"]

1. Nf3 d5 2. c4 e6 3. g3 Nf6 4. Bg2 Be7 5. 0-0 0-0 6. b3 Nbd7 7. Bb2 b6 8. d3 Bb7 9. Nbd2 c5 10. cxd5 Nxd5 11. Nc4 Qc7 12. Qd2 Bf6 13. Rac1 Rac8 14. d4 Qb8 15. e4 Nb4 16. dxc5 Bxb2 17. Nxb2 Nxa2 18. Ra1 Nxc5 19. Rxa2 Nxe4 20. Qb4 Rfd8 21. Nc4 Nc5 22. Rfa1 Rd3 23. Nfd2 Bxg2 24. Kxg2 Qb7+ 25. Kg1 a6 26. Qxb6 Qxb6 27. Nxb6 Rb8 28. b4 Rxd2 29. bxc5 1-0

[Event "Hessenliga 1516"]
[Site "Germany"]
[Date "2015.11.08"]
[Round "2.8"]
[White "Voellinger, Florian"]
[Black "Zwirner, Jan"]
[Result "0-1"]
[WhiteElo "1803"]
[BlackElo "1967"]
[PlyCount "42"]
[EventDate "2015.09.27"]
[EventType "team-tourn"]
[EventRounds "9"]
[EventCountry "GER"]
[SourceTitle "EXT 2018"]
[Source "ChessBase"]
[SourceDate "2017.10.13"]
[SourceVersion "1"]
[SourceVersionDate "2017.10.13"]
[SourceQuality "1"]
[WhiteTeam "Dettingen"]
[BlackTeam "Offenbach"]
[WhiteTeamCountry "GER"]
[BlackTeamCountry "GER"]

1. d4 d5 2. c4 e6 3. Nc3 Nf6 4. Bg5 Be7 5. e3 h6 6. Bh4 0-0 7. Nf3 b6 8. a3 Bb7 9. Be2 dxc4 10. Bxc4 Nbd7 11. b4 c5 12. dxc5 bxc5 13. b5 Qa5 14. Qb3 g5 15. Nxg5 Nd5 16. Nxe6 Nxc3 17. Nxf8 Ne4+ 18. Ke2 Qd2+ 19. Kf3 Bxh4 20. Ng6 Qxf2+ 21. Kg4 Ndf6+ 0-1

[Event "Main Vogelsberg op 10th"]
[Site "Hanau"]
[Date "2015.05.22"]
[Round "1"]
[White "Voellinger, Florian"]
[Black "Wehner, Till"]
[Result "1-0"]
[WhiteElo "1747"]
[BlackElo "1201"]
[PlyCount "59"]
[EventDate "2015.05.22"]
[EventType "swiss"]
[EventRounds "7"]
[EventCountry "GER"]
[SourceTitle "EXT 2016"]
[Source "ChessBase"]
[SourceDate "2015.10.08"]
[SourceVersion "1"]
[SourceVersionDate "2015.10.08"]
[SourceQuality "1"]

1. d4 e6 2. c4 d5 3. Nc3 Nf6 4. Bg5 Be7 5. cxd5 exd5 6. e3 0-0 7. Bd3 b6 8. Bxf6 Bxf6 9. Qh5 g6 10. Qxd5 Qxd5 11. Nxd5 Bd8 12. Be4 c6 13. Nc3 Bb7 14. b4 a6 15. Nf3 f5 16. Bd3 Nd7 17. 0-0 Bf6 18. Bc4+ Kg7 19. Be6 Nb8 20. Na4 b5 21. Nc5 Re8 22. Bxf5 gxf5 23. Nxb7 Nd7 24. Nd6 Re6 25. Nxf5+ Kg6 26. Ng3 a5 27. Ne2 Ree8 28. a3 c5 29. bxc5 Nxc5 30. Rab1 1-0

[Event "Karl Mala Memorial op-A 16th"]
[Site "Frankfurt"]
[Date "2013.07.12"]
[Round "3"]
[White "Voellinger, Florian"]
[Black "Bogucanin, Mirsad"]
[Result "0-1"]
[WhiteElo "1816"]
[BlackElo "1837"]
[PlyCount "90"]
[EventDate "2013.07.11"]
[EventType "swiss"]
[EventRounds "7"]
[EventCountry "GER"]
[SourceTitle "EXT 2014"]
[Source "ChessBase"]
[SourceDate "2013.11.20"]
[SourceVersion "1"]
[SourceVersionDate "2013.11.20"]
[SourceQuality "1"]

1. d4 d5 2. c4 e6 3. Nc3 Nf6 4. Bg5 c6 5. e3 Nbd7 6. Nf3 Qa5 7. Nd2 Bb4 8. Qc2 0-0 9. Be2 dxc4 10. Bxf6 Nxf6 11. Nxc4 Qg5 12. 0-0 Rd8 13. a3 Be7 14. b4 Ng4 15. h3 Nf6 16. Ne5 Nd5 17. Ne4 Qh6 18. Bd3 f5 19. Nc5 Bd6 20. Bc4 Bxe5 21. dxe5 b6 22. Nb3 Bb7 23. e4 fxe4 24. Qxe4 Rf8 25. Bxd5 cxd5 26. Qe2 Rf4 27. f3 Rc4 28. Rac1 Rac8 29. Rxc4 Rxc4 30. Rd1 Qf4 31. Kf2 Ba6 32. Nd2 Qd4+ 33. Kg3 Rc1 34. Qe1 Rxd1 35. Qxd1 Qxe5+ 36. Kf2 Qd4+ 37. Kg3 e5 38. Qc2 Qf4+ 39. Kf2 Bc4 40. Ne4 b5 41. Nd6 Qd4+ 42. Kg3 Qf4+ 43. Kf2 Qh4+ 44. g3 Qxh3 45. Qc1 Qh2+ 0-1

[Event "Karl Mala Memorial op 12th"]
[Site "Frankfurt"]
[Date "2009.07.18"]
[Round "5"]
[White "Fieberg, Samuel"]
[Black "Voellinger, Florian"]
[Result "1-0"]
[WhiteElo "1167"]
[BlackElo "1562"]
[PlyCount "65"]
[EventDate "2009.07.16"]
[EventType "swiss"]
[EventRounds "7"]
[EventCountry "GER"]
[SourceTitle "EXT 2010"]
[Source "ChessBase"]
[SourceDate "2010.11.25"]
[SourceVersion "1"]
[SourceVersionDate "2010.11.25"]
[SourceQuality "1"]

1. e4 d5 2. exd5 Qxd5 3. Nc3 Qa5 4. d4 c6 5. Nf3 Nf6 6. Bd2 Qc7 7. Bd3 Bg4 8. h3 Bh5 9. 0-0 e6 10. Bg5 Nbd7 11. Be2 h6 12. Bh4 Bd6 13. Nd2 Bg6 14. Bf3 Nb6 15. Re1 0-0-0 16. Nce4 Be7 17. c3 Bf5 18. b4 Rhg8 19. a4 g5 20. Bg3 Qd7 21. Qb3 g4 22. hxg4 Bxg4 23. b5 Bxf3 24. Nxf3 Nh5 25. Ne5 Qe8 26. bxc6 bxc6 27. a5 Nd5 28. Rab1 Bb4 29. cxb4 Ne7 30. Qc4 Nxg3 31. Nxg3 Rd5 32. b5 c5 33. Ne4 1-0